Lone survivor: the eyewitness account of operation redwing and the lost heroes of Seal team 10 (Record no. 520251)

000 -LEADER
fixed length control field 00575nam a22001577a 4500
020 ## - INTERNATIONAL STANDARD BOOK NUMBER
International Standard Book Number 9780316067607
082 ## - DEWEY DECIMAL CLASSIFICATION NUMBER
Classification number A99 L978l
100 ## - MAIN ENTRY--PERSONAL NAME
Personal name Luttrell, Marcus
9 (RLIN) 32368
245 ## - TITLE STATEMENT
Title Lone survivor: the eyewitness account of operation redwing and the lost heroes of Seal team 10
Statement of responsibility, etc by Marcus Luttrell and Patrick Robinson
260 ## - PUBLICATION, DISTRIBUTION, ETC. (IMPRINT)
Place of publication, distribution, etc New York
Name of publisher, distributor, etc Back Bay Books
Date of publication, distribution, etc 2007
300 ## - PHYSICAL DESCRIPTION
Extent 392p.
650 ## - SUBJECT ADDED ENTRY--TOPICAL TERM
Topical term or geographic name as entry element Luttrell, Marcus
9 (RLIN) 32368
650 ## - SUBJECT ADDED ENTRY--TOPICAL TERM
Topical term or geographic name as entry element United States - Navy - SEALs - Officers
9 (RLIN) 32369
650 ## - SUBJECT ADDED ENTRY--TOPICAL TERM
Topical term or geographic name as entry element Afghan war, 2000-2001 - Compaigns
9 (RLIN) 32370
700 ## - ADDED ENTRY--PERSONAL NAME
Personal name Robinson, Patrick
9 (RLIN) 32371
Holdings
Withdrawn status Lost status Source of classification or shelving scheme Damaged status Koha normalized classification for sorting Not for loan Permanent location Current location Shelving location Date acquired Total Checkouts Full call number Barcode Date last seen Date last borrowed Price effective from Koha item type
        A_99_000000000000000_L978L   Indian Institute of Public Administration Indian Institute of Public Administration On Display 2022-08-16 1 A99 L978l 88881 2022-11-04 2022-10-04 2022-08-16 Book

Powered by Koha